Defects in semiconductors /

Bibliographic Details
Other Authors: Romano, Lucia, 1977- (Editor), Privitera, Vittorio (Editor), Jagadish, C. (Chennupati) (Editor)
Format: Book
Language:English
Published: Amsterdam : Elsevier/Academic Press, 2015.
Edition:First edition.
Series:Semiconductors and semimetals ; v. 91.
Subjects:

MARC

Tag First Indicator Second Indicator Subfields
LEADER 00000cam a2200000 i 4500
001 in00003582913
005 20150827094443.0
008 150216t20152015ne a b 001 0 eng c
035 |a (OCoLC)ocn903596288 
040 |a YDXCP  |b eng  |e rda  |c YDXCP  |d OCLCQ  |d BTCTA  |d CLU  |d OCLCA  |d BDX  |d NLGGC  |d TXA 
019 |a 907120264  |a 915506693 
020 |a 0128019352 
020 |a 9780128019351 
035 |a (OCoLC)903596288  |z (OCoLC)907120264  |z (OCoLC)915506693 
042 |a pcc 
050 4 |a QC611.6.D4  |b .D424 2015 
082 0 4 |a 537.622  |2 23 
084 |a 53.56  |2 bcl 
049 |a TXAM 
090 |a QC612.S4  |b W5 v.91 
245 0 0 |a Defects in semiconductors /  |c edited by Lucia Romano, Vittorio Privitera, Chennupati Jagadish. 
250 |a First edition. 
264 1 |a Amsterdam :  |b Elsevier/Academic Press,  |c 2015. 
264 4 |c ©2015 
300 |a xii, 445 pages :  |b illustrations ;  |c 24 cm 
336 |a text  |b txt  |2 rdacontent 
337 |a unmediated  |b n  |2 rdamedia 
338 |a volume  |b nc  |2 rdacarrier 
490 1 |a Semiconductors and semimetals,  |x 0080-8784 ;  |v volume 91 
504 |a Includes bibliographical references and index. 
650 0 |a Semiconductors  |x Defects. 
700 1 |a Romano, Lucia,  |d 1977-  |e editor. 
700 1 |a Privitera, Vittorio,  |e editor. 
700 1 |a Jagadish, C.  |q (Chennupati),  |e editor. 
830 0 |a Semiconductors and semimetals ;  |v v. 91.  |x 0080-8784 
948 |a cataloged  |b h  |c 2015/8/27  |d c  |e ceaton  |f 9:42:56 am 
994 |a C0  |b TXA 
999 f f |s 8b5e7d59-09f1-3eff-830d-c11b59e15d73  |i 19e8a367-eb80-31e3-bc47-b51a41e9cfb0  |t 0 
952 f f |p normal  |a Texas A&M University  |b College Station  |c Sterling C. Evans Library  |s Evans stk  |d Evans: Library Stacks  |t 0  |e QC612.S4 W5 v.91  |h Library of Congress classification  |i unmediated -- volume  |m A14843147316 
998 f f |a QC612.S4 W5 v.91  |t 0  |l Evans: Library Stacks